000 01355cam a22002894a 4500
001 14190750
005 20060509100347.0
008 051206s2006 nyua b 001 0 eng
010 _a 2005284188
020 _a971582559858 (pbk.)
040 _aDLC
_cDLC
042 _apcc
050 0 0 _aRT48
_b.C584 2006
082 _220
_a616.075
_bHEL
245 0 0 _aHealth Assessment :
_bMade Incredibly Visual /
260 _aPhiladelphia :
_bLippincott Williams & Wilkins,
_cc.2007.
300 _a218 p. :
_bill. ;
_c22 cm.
500 _aCompanion v. to: Health assessment & physical examination / [edited by] Mary Ellen Zator Estes. c1997.
650 0 _aNursing assessment.
700 1 _aCauthorne-Burnette, Tamera.
700 1 _aEstes, Mary Ellen Zator.
730 0 _aHealth assessment & physical examination.
942 _2ddc
_cBB
999 _c10931
_d10931